LEADER 00956nam a2200253 i 4500 001 000000174244 003 CaOOAMICUS 005 20181031132316.0 008 080823s1944 it u000 u ita u 013 $a151710 040 $aSeMil$bita 100 1 $aBo, Carlo,$d<1911-2001>.$0(OLS)http://semarc/name/7656 245 10$aBilancio del Surrealismo /$cCarlo Bo. 260 $aPadova :$bCEDAM,$c1944. 300 $a135 p. ;$c20 cm. 490 0 $aGuide di Cultura Contemporanea [Cedam] ;$v12 500 $aContiene : Bibliografia. 650 4$aSurrealismo.$0(OLS)http://semarc/subject/33194 830 0$aGuide di cultura contemporanea ;$v12.$0(OLS)http://semarc/title/419655 850 $aSeMil 852 $aSeMil$W1$xVenegono$y1$m1W IV 20$j125083$B125083$CSeMilBibl$Z2$F136021 $81 996 $6245$aBilancio del Surrealismo$9(OLS)http://semarc/title/249704 996 $6260$aPadova :$bCEDAM$9(OLS)http://semarc/publisher/30274 LEADER 01076nam a2200265 i 4500 001 000000175048 003 CaOOAMICUS 005 20081105000000.0 008 081105s2007 it u000 u ita u 013 $a152525 020 $a978-88-498-1868-8 040 $aSeMil$bita 100 1 $aPellicani, Luciano,$d<1939-2020>.$0(OLS)http://semarc/name/4143 245 13$aLe radici pagane dell'Europa /$cLuciano Pellicani. 260 $aSoveria Mannelli :$bRubbettino,$c2007. 300 $a212 p. ;$c21 cm. 490 0 $aProblemi aperti ;$v104 650 4$aEuropa - Civiltà - Influssi classici.$0(OLS)http://semarc/subject/33383 830 0$aProblemi aperti ;$v104.$0(OLS)http://semarc/title/11336 850 $aSeMil 852 $aSeMil$W1$xVenegono$y1$m3N IV 514$j125873$B125873$CSeMilBibl$Z2$F138526 $81 961 $aAcquisto: DEA 996 $6020$a978-88-498-1868-8$9(OLS)http://semarc/number/163172 996 $6245$aLe radici pagane dell'Europa$9(OLS)http://semarc/title/251023 996 $6260$aSoveria Mannelli :$bRubbettino$9(OLS)http://semarc/publisher/32145